000 00795nam a2200205Ia 4500
003 Ost
005 20260507075023.0
008 260507s9999||||xx |||||||||||||| ||und||
020 _a59309977
040 _cfsecg
041 _aara
082 _a330
100 _aالقرنشاوي، حاتم
_eمؤلف
245 0 _aالحماية القانونية للنشاط الإقتصادي /
_c حاتم القرنشاوي
260 _aالقاهرة:
_bالمركز القومي للبحوث الإجتماعية والجنائية,
_c2002
300 _a281 صفحة؛
_bإيضاحات ؛
_c24 سم
520 _aالأوراق المرجعية- مضابط ورش العمل- تحليل إتجاهات نقاش ورش العمل
653 _aالقانون التجاري
942 _cكتاب
999 _c42296
_d42296